1569 1511 1443 1423 1721 1693 1353 1503 1323 1344 1728 1167 1060 1479 1314 1427 1721 1369 1636 1183 1654 1516 1313 1013 1102 1695 1053 1290 1026 1635 1780 1223 1000 1664 1384 1993 1723 1046 1526 1673 1417 1458 1230 1584 1517 1597 1281 1797 1414 1918 1307 1837 1417 1066 1943 1572 1107 1830 1779 1595 1632 1592 1012 1194 1849 1224 1021 1185 1945 1383 1990 1246 1986 1434 1489 1059 1220 1033 1040 1660 1340 1043 1947 1801 1479 1778 1138 1566 1100 1889 1028 1709 1600 1483 1971 1529 1027 1673 1801 BCNSPRNW ULIB Ver.6.0+V

เปลี่ยนเป็นภาษาไทย

Change to English
 แสดงรายละเอียดบรรณานุกรม
  กลับหน้าหลัก

Brief Record : Get Marc (ISO 2709) : E-mail record : QR code < ปิดหน้าต่าง
LEADER : 00000nam 2200000uu 4500
001    13399113888
003     ULIB
008    110627s||||||||th 000 0 tha d
020    9786160600175
090    นว.^bว916ป 2552
100 0  เว่ยเสี่ยวโหยว
245 00 ปราชญ์หญิงยอดรัก/^cเว่ยเสี่ยวโหยว
250    พิมพ์ครั้งที่ 1
260    กรุงเทพฯ :^bแจ่มใส,^c2552
300    363 หน้า
710 1  แจ่มใส
945    ^p0^l0^i027133
995    ทศพร
999 ^a ใช้งานได้ทุกระบบ
รายการนี้ยังไม่มีแท็ก
คุณยังไม่ได้ล็อกอิน คุณสามารถมีกิจกรรมร่วมกับเว็บไซต์ได้ แต่ต้องล็อกอินก่อน ::
  ล็อกอิน

รายการสื่อสารสนเทศ

ลำดับที่ ประเภท เลขเรียก/บาร์โค้ด สถานที่ สถานะ
1. นวนิยาย
นวนิยาย
นว. ว916ป 2552 ฉ.1 
  Barcode: 027133
ห้องสมุดวิทยาเขตสวรรค์ประชารักษ์
►นวนิยาย
บนชั้น
  ขอยืม

BibComment


ยังไม่เคยถูกคอมเมนท์

คอมเมนท์ทรัพยากรรายการนี้
  คอมเมนท์: ปราชญ์หญิงยอดรัก ..


 Copyright 2026. Bcnsprnw @Library